000
00338nam a22001457a 4500
008
221118b ||||| |||| 00| 0 eng d
020
_a
9780805309737
041
_a
eng
080
_2
THIRD EDITION
_a
004
082
_a
004 PER
100
_a
18
101
_a
SHKP
245
_a
COMPUTERS &INFORMATION SYSTEMS
_c
PERRON C
942
_2
udc
_c
BK
999
_c
58941
_d
58941